| 000 | 00988nam a2200289 i 4500 | ||
|---|---|---|---|
| 003 | DO-SdBNP | ||
| 005 | 20240314191553.0 | ||
| 007 | ta | ||
| 008 | 240215s2023 dr 000 j spa d | ||
| 020 | _a9789945643916 | ||
| 040 |
_aDO-SdBNP _bspa _cBNPHU _erda |
||
| 082 |
_bR263 _222 |
||
| 100 | 1 |
_aMilton Ray Guevara _d1948- _978143 |
|
| 245 | 1 | 0 |
_aMis votos particulares / _cMilton Ray Guevara ; prólogo Eduardo Jorge Prats ; presentación Amaury Reyes Torres |
| 264 | 1 |
_aSanto Domingo : _bTribunal Constitucional, _bCentro de Estudios Constitucionales, _c2023. |
|
| 300 |
_a721 páginas, _c23 cm. |
||
| 336 |
_2rdacontent _atexto _btxt |
||
| 337 |
_2rdamedia _asin mediación _bn |
||
| 338 |
_2rdacarrier _avolumen _bnc |
||
| 490 | _aJUDEX | ||
| 500 | _aIncluye notas a pie de páginas | ||
| 590 | _aInventariado, 2024/ YL | ||
| 700 | 1 |
_aPrats, Eduardo Jorge _eprólogo _98316 |
|
| 700 | 1 |
_aReyes Torres, Amaury _epresentación _984887 |
|
| 910 | _aYLockward | ||
| 942 |
_2ddc _cLBS1 |
||
| 999 |
_c55953 _d55953 |
||